№ 1 (вып. 15); Памятники Отечества; Опередивший время. К 275-летию со дня рождения М. В. Ломоносова; Санкт-Петербургский дом М. В. Ломоносова; "И скоро силою вещей мы очутилися в Париже"; В воздаяние отличных подвигов
| Parent link: | Памятники Отечества: Альманах/ Всероссийское общество охраны памятников истории и культуры ; ред. И. В. Петрянов-Соколов. № 1 (вып. 15).— , 1981- |
|---|---|
| Lingua: | russo |
| Pubblicazione: |
1987
|
| TOC: | А. Ю. Заев, Опередивший время. К 275-летию со дня рождения М. В. Ломоносова; М. И. Солоухин, Санкт-Петербургский дом М. В. Ломоносова; И. С. Зильберштейн, "И скоро силою вещей мы очутилися в Париже"; В. А. Дуров, В воздаяние отличных подвигов; |
| Soggetti: | |
| Natura: | MixedMaterials Libro |
| KOHA link: | https://koha.lib.tpu.ru/cgi-bin/koha/opac-detail.pl?biblionumber=21316 |
MARC
| LEADER | 00000nam2a2200000 4500 | ||
|---|---|---|---|
| 001 | 21316 | ||
| 005 | 20240914063121.0 | ||
| 035 | |a (RuTPU)RU\TPU\book\21514 | ||
| 035 | |a BOOK00021584 | ||
| 090 | |a 21316 | ||
| 100 | |a 20011209d1987 m y0rusy50 ca | ||
| 101 | 0 | |a rus | |
| 102 | |a RU | ||
| 105 | |a a z 000zb | ||
| 200 | 0 | |a № 1 (вып. 15) | |
| 210 | |d 1987 | ||
| 215 | |a 167 с. |c ил. | ||
| 461 | 1 | |0 (RuTPU)RU\TPU\book\145950 |t Памятники Отечества |o Альманах |f Всероссийское общество охраны памятников истории и культуры ; ред. И. В. Петрянов-Соколов |v № 1 (вып. 15) |d 1981- | |
| 464 | |t Опередивший время. К 275-летию со дня рождения М. В. Ломоносова |f А. Ю. Заев | ||
| 464 | |t Санкт-Петербургский дом М. В. Ломоносова |f М. И. Солоухин | ||
| 464 | |t "И скоро силою вещей мы очутилися в Париже" |f И. С. Зильберштейн | ||
| 464 | |t В воздаяние отличных подвигов |f В. А. Дуров | ||
| 600 | 1 | |a Ломоносов |g Михаил Васильевич |b М. В. |c учёный-естествоиспытатель, поэт, историк, художник, деятель просвещения, науки и экономики |f 1711-1765 |2 stltpush |3 (RuTPU)RU\TPU\pers\975 | |
| 600 | 1 | |a Пушкин |b А. С. |c российский поэт |c писатель |f 1799-1837 |g Александр Сергеевич |7 ca |8 rus |2 stltpush |3 (RuTPU)RU\TPU\pers\1026 |9 453 | |
| 610 | 1 | |a искусство | |
| 610 | 1 | |a культура | |
| 610 | 1 | |a исторические памятники | |
| 610 | 1 | |a русская культура | |
| 610 | 1 | |a культурные ценности | |
| 610 | 1 | |a Москва | |
| 610 | 1 | |a архитектура | |
| 610 | 1 | |a Кижи | |
| 610 | 1 | |a Бородинское сражение | |
| 610 | 1 | |a памятники | |
| 610 | 1 | |a альманахи | |
| 610 | 1 | |a история | |
| 610 | 1 | |a Россия | |
| 610 | 1 | |a Отечественная война 1812 | |
| 675 | |a 725.94 |v 3 | ||
| 801 | 0 | |a RU |b 63413507 |c 20011209 |g PSBO | |
| 801 | 2 | |a RU |b 63413507 |c 20220606 |g PSBO | |
| 942 | |c BK | ||